| 000 | 00680nam a2200241Ia 4500 | ||
|---|---|---|---|
| 003 | OSt | ||
| 005 | 20220928115707.0 | ||
| 006 | a|||||r|||| 00| 0 | ||
| 007 | ta | ||
| 008 | 220927b |||||||| |||| 00| 0 eng d | ||
| 024 | _a73848 | ||
| 037 | _cTextual | ||
| 040 |
_aSDCL _cSDCL _beng |
||
| 041 |
_2eng _aeng |
||
| 082 | _aD6,8(B),45, M4 | ||
| 100 |
_aAhson S I _9445579 |
||
| 245 | 0 | _aMicroprocessors with applications in process control. | |
| 260 |
_aNew Delhi _bTata McGrew Hill _c1984 |
||
| 300 |
_axi,315p _ccm. |
||
| 490 | _aTata McGraw Hill series in computer science | ||
| 942 |
_hD6,8(B),45, M4 _cTEXL _2CC |
||
| 999 |
_c760502 _d760502 |
||